| 000 | 00348nam a2200145Ia 4500 | ||
|---|---|---|---|
| 008 | 230917s9999||||xx |||||||||||||| ||und|| | ||
| 040 |
_e45804 _aMAIN |
||
| 041 | _aEnglish | ||
| 082 | _a200.1 R118E | ||
| 100 | _aRadhakrishnan, S | ||
| 245 | 0 | _aEast and west in religion | |
| 260 |
_aLondon _bGeorge Allen _c1949 |
||
| 300 | _a146 p. | ||
| 942 | _cBK | ||
| 999 |
_c80557 _d80557 |
||